Statystyki dla Quiz dla GeoMexa

Kliknij tutaj aby rozwiązać quiz!

Ogólne statystyki

  • Ten quiz został rozwiązany 739 razy
  • Średni wynik to 8 z 15

Statystyki odpowiedzi

ZagadnienieOdpowiedź% Poprawnych
Jakiego kraju to flaga?Filipiny
81%
Rejkiawik jest stolicą...Islandii
79%
Z iloma krajami graniczy Lesotho?1
74%
Ten kraj powstał w 2011.Sudan Południowy
74%
Drugie największe miasto Portugalii to:Porto
65%
Broni jądrowej nie posiada:RPA
63%
Językiem urzędowym Tunezji jest językArabski
59%
Graniczy z Iranem, Irakiem, Syrią, Gruzją i ArmeniąTurcja
59%
Prezydent państwa europejskiego, który rządzi nieprzerwanie od 1994Aleksandr Łukaszenka
53%
Który kraj posiada najmniej mieszkańców z podanych?Grenlandia
51%
Który kraj jest najmniejszy z podanych na doleLibia
44%
Kraj z najdłuższą linią brzegową.Kanada
41%
Powstało w 1926. Jest najmłodszym polskim miastem.Gdynia
37%
Który opis pasuje do wyglądu flagi Afganistanu?Pionowo, czarny, czerwony, zielony
31%
Kraj w najmniejszą ilością ludności z podanychMauretania
19%

Rozkład punktacji

Percentyl według liczby udzielonych odpowiedzi

Procent ludzi z każdym wynikiem

Twoja historia wyników

Nie rozwiązałeś tego quizu